00274nam a2200121Ia 4500008004100000100000900041245003100050260002900081300000800110650001000118942000700128999001700135190216s9999||||xx |||||||||||||| ||und|| aNull 0aHindi-Krithi Aur Krithikar bMac Millian And Com. Ltd a188 aHindi cBK c15608d15608